LEADER 00907nam2-22003131i-450- 001 990000165040403321 035 $a000016504 035 $aFED01000016504 035 $a(Aleph)000016504FED01 035 $a000016504 100 $a20011111d--------km-y0itay50------ba 101 0 $aita 105 $ay-------001yy 200 1 $aPlanches. 6 p., 39 tav. : ill. 210 $aParis$cImprimerie imperiale$d1864- 215 $av.$d45 cm 461 0$1001000012599$12001$aMémoire sur l'éclairage et le balisage des ct?es de France 610 0 $aSegnalazioni marittime 676 $a623.894 700 1$aReynaud,$bLéonce$0332808 801 0$aIT$bUNINA$gRICA$2UNIMARC 901 $aBK 912 $a990000165040403321 952 $a13 AR 3 C 15$b8655$fFINBC 952 $a13 AR 3 C 16$b7101$fFINBC 959 $aFINBC 996 $aPlanches. 6 p., 39 tav. : ill$9121111 997 $aUNINA DB $aING01 LEADER 01071nam--2200361---450- 001 990002090520203316 005 20090203113721.0 035 $a000209052 035 $aUSA01000209052 035 $a(ALEPH)000209052USA01 035 $a000209052 100 $a20041019d1970----km-y0itay0103----ba 101 $aita 102 $aIT 105 $a||||||||001yy 200 1 $aInternal auditing$ele verifiche Amministrative nelle aziende italiane$fGianfranco Carnevali, Carlo Alberto Ferandini 210 $aMilano$cETAS Kompass$d1970 215 $a265 p.$d21 cm 410 0$12001 454 1$12001 461 1$1001-------$12001 676 $a657.458 700 1$aCARNEVALI,$bGianfranco$0422291 701 1$aFERANDINI,$bCarlo Alberto$0567457 801 0$aIT$bsalbc$gISBD 912 $a990002090520203316 951 $a657.458 CAR 1 (IRA 28 10)$b561 E.C.$cIRA 28$d00012164 959 $aBK 969 $aECO 979 $aSIAV7$b10$c20041019$lUSA01$h1005 979 $aRSIAV3$b90$c20090203$lUSA01$h1137 996 $aInternal auditing$91042603 997 $aUNISA LEADER 01031cam0 2200289 450 001 E600200012211 005 20201130090804.0 100 $a20050915d1992 |||||ita|0103 ba 101 $aita 102 $aIT 200 1 $aCompendium maleficarum$fFrancesco Maria Guaccio$gcur. Luciano Tamburini$gpreambolo di Carlo Carena 210 $aTorino$cEinaudi$d1992 215 $aXXXIV, 448 p.$d22 cm 225 2 $amillenni 410 1$1001LAEC00014991$12001 $aI *millenni 700 1$aGuaccio$b, Francesco Maria$3A600200032190$4070$0261306 702 1$aTamburini, Luciano$3A600200030468$4070 702 1$aCarena, Carlo <1925->$3AF00018472$4070 801 0$aIT$bUNISOB$c20201130$gRICA 850 $aUNISOB 852 $aUNISOB$j000|Coll|13|K$m76812 912 $aE600200012211 940 $aM 102 Monografia moderna SBN 941 $aM 957 $a000|Coll|13|K$b000233$gSi$d76812$racquisto$1pregresso1$2UNISOB$3UNISOB$420050915092507.0$520201130090804.0$6Spinosa 996 $aCompendium maleficarum$9143826 997 $aUNISOB